000 00362nam a2200145Ia 4500
008 191201s2005 xx 000 0 und d
082 _a658.3
_bMAP
100 _aMAMORIA, C B
245 0 _aPersonnel Management: Text and Cases
250 _a25th
260 _aN.Delhi
_bHimalaya Publication House
_c2005
300 _a932
650 _aApplied
942 _2ddc
_cBK
999 _c1256
_d1256